000 00700nam a2200301Ia 4500
005 20260401122439.0
008 008 250103s9999 xx 000 0 eng d
020 _a9788178243900
037 _aTB
040 _aEDL
040 _beng
040 _cEDL
041 _2eng
041 _aeng
084 _a306.44MIT
084 _qEDL
100 _aMitchell, Lisa
_91233647
245 0 _aLanguage, Emotion, Politics in south India : The making of mother tongue
245 0 _cMitchell, Lisa
260 _aRanikhet
260 _bPermanent Black
260 _c2009
300 _a281p
942 _cTB
942 _h306.44MIT
999 _c1847345
_d1847345